| 000 | 00917nam a22002417a 4500 | ||
|---|---|---|---|
| 005 | 20260424153000.0 | ||
| 008 | 260424b |||||||| |||| 00| 0 eng d | ||
| 020 | _a9788126722129 (pbk) | ||
| 037 | _cTB | ||
| 040 |
_aCRL _cCRL |
||
| 041 |
_2hin _ahin |
||
| 084 |
_aO152,1N37x R1 _qCRL |
||
| 100 | _aशुक्ल, विनोद कुमार | ||
| 245 | _aकभी के बाद अभी | ||
| 250 | _aसंस्करण 3 | ||
| 260 |
_aनई दिल्ली, भारत: _bराजकमल प्रकाशन, _c2021. |
||
| 300 | _a115पृ. | ||
| 365 |
_b295.00 _cINR |
||
| 650 | _aहिन्दी कविता | ||
| 650 | _aहिन्दी साहित्य | ||
| 942 |
_2CC _cTB _eसंस्करण 3 _hO152,1N37x R1 _n0 |
||
| 999 |
_c1848531 _d1848531 |
||